Statistics for The Reign of Elizabeth I

Click here to take the quiz!

General Stats

  • This quiz has been taken 21,922 times
    (12,843 since last reset)
  • The average score is 15 of 20

Answer Stats

HintAnswer% Correct
Her fatherHenry VIII
96%
"Bloody" monarch that came before herMary
96%
Greatest playwright during her reignWilliam Shakespeare
95%
Dynasty she was a part ofTudor
94%
Invasion fleet sent against England in 1588Spanish {Armada}
92%
Her motherAnne Boleyn
89%
Asian trading company founded in 1600East {India} Company
85%
Building in which she is buried{Westminster} Abbey
85%
U.S. state that was named after herVirginia
84%
Most well-known theatre used by the aboveGlobe Theatre
79%
Monarch who came after ElizabethJames
74%
Elizabeth was Queen of England. She was also queen of ...Ireland
73%
First English captain to circumnavigate the EarthFrancis Drake
69%
Disease which badly scarred her face at age 29Smallpox
68%
Addictive substance popularized at court by the aboveTobacco
67%
What the Pope did to her in 1570Excommunicate
65%
Explorer who tried to find El Dorado, the mythical city of goldWalter Raleigh
55%
One of her nicknamesGood Queen {Bess}
45%
Name of the above's shipThe Golden {Hind}
44%
Chief advisor for most of her reignWilliam Cecil
17%

Score Distribution

Percentile by Number Answered

Percent of People with Each Score

Your Score History

You have not taken this quiz since the last reset